Utah Jazz NBA Awards Winners - Statistics

General Stats
  • This quiz has been taken 785 times
    517 since last reset
  • The average score is 4 of 7
Answer Stats
Player % Correct
Karl Malone
99%
Rudy Gobert
95%
Lauri Markkanen
83%
Jordan Clarkson
70%
Mark Eaton
67%
Darrell Griffith
19%
Frank Layden
12%
No matching quizzes found
Score Distribution
Percent of People with Each Score
Percentile by Number Answered
Your Score History
You have not taken this quiz since the last reset